000 00250nam a2200109Ia 4500
008 230907s9999||||xx |||||||||||||| ||und||
082 _a621.381
_bSTO
100 _aStorey, Neil.
_960674
245 0 _aElectronics :
300 _apages cm
942 _cBK
999 _c599026
_d599026